Εξελικτική ψυχολογία : διά βίου ανάπτυξη

Αποθηκεύτηκε σε:
Λεπτομέρειες βιβλιογραφικής εγγραφής
Κύριος συγγραφέας: Feldman, Robert S. (Robert Stephen), 1947-
Άλλοι συγγραφείς: Μπεζεβέγκης, Ηλίας Γ. (Επιμελητής έκδοσης), Αντωνοπούλου, Ζωή (trlf), Κουλεντιανού, Μαργαρίτα (trlf)
Μορφή: Βιβλίο
Γλώσσα:Greek
English
Δημοσίευση: Αθήνα : Gutenberg, 2011.
Θέματα:
Ετικέτες: Προσθήκη ετικέτας
Δεν υπάρχουν, Καταχωρήστε ετικέτα πρώτοι!

MARC

LEADER 00000cam a2200000 i 4500
001 1/28791
008 130423s2011 gr | ||| |||| ||gre||
020 |a 9789600114393 
035 |l 10114258 
040 |a GR-MyUa  |b gre  |e AACR2 
041 1 |a gre  |h eng 
082 7 |a 155   |2 (22)  
100 1 |a Feldman, Robert S.   |q (Robert Stephen),   |d 1947- 
245 1 0 |a Εξελικτική ψυχολογία :   |b διά βίου ανάπτυξη /   |c Robert S. Feldman ; επιστημονική επιμέλεια Ηλίας Γ. Μπεζεβέγκης ; μετάφραση Ζωή Αντωνοπούλου, Μαργαρίτα Κουλεντιανού.  
260 |a Αθήνα :   |b Gutenberg,   |c 2011.  
300 |a 895 σ. :   |b εικ., πιν. ;   |c 27 εκ.  
500 |a Τίτλος πρωτοτύπου: Development across the life span.  
504 |a Βιβλιογραφία: σ. [784] - 858. Ευρετήριο.  
650 0 |a Developmental psychology  |v Textbooks. 
700 1 |a Μπεζεβέγκης, Ηλίας Γ.  |e edt 
700 1 |a Αντωνοπούλου, Ζωή,  |e trlf 
700 1 |a Κουλεντιανού, Μαργαρίτα,  |e trlf 
852 |a INST  |b LESVOS  |c EUDOXUS  |e 20210528  |h 155 FEL  |p 005100063294  |q 005100063294  |t EDX  |y 0 
852 |a INST  |b RHODES  |e 20201110  |h 155 FEL  |p 005400041784  |q 005400041784  |t BK  |y 0 
852 |a INST  |b RHODES  |c EUDOXUS  |e 20130423  |h 155 FEL  |p 005400035136  |q 005400035136  |t EDX  |y 0 
852 |a INST  |b RHODES  |c EUDOXUS  |e 20130522  |h 155 FEL  |p 005400035242  |q 005400035242  |t EDX  |y 0 
852 |a INST  |b SAMOS  |e 20160704  |h 155 FEL  |p 005300043672  |q 005300043672  |t BK  |y 0 
852 |a INST  |b SYROS  |c EUDOXUS  |e 20160516  |h 155 FEL  |p 005500011611  |q 005500011611  |t EDX  |y 0 
901 |a BIBL4-2013-1 
901 |a BIBL4-2013-2 
920 |a Εύδοξος  |b Επιστροφή  |y Ρόδος  |z 2013-04 
920 |a Εύδοξος  |b Παραγγελία  |y Ρόδος-ΤΕΠΑΕΣ  |z 2013-05 
920 |a Εύδοξος  |b Παραγγελία  |y Σύρος-ΤΜΣΠΣ  |z 2016-05 
920 |a Εύδοξος  |b Παραγγελία  |y Λέσβος-ΤΚ  |z 2021-05 
922 |a 4ΕΛΗ 
970 |z 2013/04/23